Dissident Groups, Personal Networks, and Spontaneous Cooperation: The East German Revolution of 1989

Saved in:  
Bibliographic Details
Authors: Opp, Karl-Dieter 1937- (Author) ; Gern, Christiane (Author)
Format: Print Article
Language:English
Published: 1993
In: American sociological review
Year: 1993, Volume: 58, Issue: 5, Pages: 659-680
Check availability: HBZ Gateway
Keywords:

MARC

LEADER 00000caa a22000002c 4500
001 1640225560
003 DE-627
005 20220608131436.0
007 tu
008 160223s1993 xx ||||| 00| ||eng c
035 |a (DE-627)1640225560 
035 |a (DE-576)456088431 
035 |a (DE-599)BSZ456088431 
040 |a DE-627  |b ger  |c DE-627  |e rakwb 
041 |a eng 
100 1 |a Opp, Karl-Dieter  |d 1937-  |0 (DE-588)121168417  |0 (DE-627)081130120  |0 (DE-576)162442297  |4 aut 
109 |a Opp, Karl-Dieter 1937-  |a Opp, Karl D. 1937-  |a Opp, Karl Dieter 1937-  |a Opp-Schmidt, ... 1937- 
245 1 0 |a Dissident Groups, Personal Networks, and Spontaneous Cooperation: The East German Revolution of 1989  |c Karl-Dieter Opp, Christiane Gern 
264 1 |c 1993 
336 |a Text  |b txt  |2 rdacontent 
337 |a ohne Hilfsmittel zu benutzen  |b n  |2 rdamedia 
338 |a Band  |b nc  |2 rdacarrier 
700 1 |a Gern, Christiane  |4 aut 
773 0 8 |i In  |t American sociological review  |d Thousand Oaks, Calif. : Sage, 1936  |g 58(1993), 5, Seite 659-680  |w (DE-627)129475912  |w (DE-600)203405-0  |w (DE-576)014855291  |x 0003-1224  |7 nnas 
773 1 8 |g volume:58  |g year:1993  |g number:5  |g pages:659-680 
935 |a mkri 
951 |a AR 
ELC |b 1 
LOK |0 000 xxxxxcx a22 zn 4500 
LOK |0 001 3301682863 
LOK |0 003 DE-627 
LOK |0 004 1640225560 
LOK |0 005 20160223101421 
LOK |0 008 160208||||||||||||||||ger||||||| 
LOK |0 040   |a DE-21-110  |c DE-627  |d DE-21-110 
LOK |0 689   |a s  |a Sozialer Umbruch 
LOK |0 689   |a s  |a Protestbewegung 
LOK |0 689   |a s  |a DDR 
LOK |0 852   |z Kein Bestand am IfK; Nachweis für KrimDok 
LOK |0 852   |a DE-21-110 
LOK |0 852 1  |m v  |9 00 
LOK |0 935   |a k110 
LOK |0 938   |k v 
LOK |0 939   |a 08-02-16  |b l01 
ORI |a SA-MARC-krimdoka001.raw